000 00706nam a2200217Ia 4500
003 GCL
008 140319s9999 xx 000 0 ara d
040 _aGCL /
_cGCL
082 0 4 _a234.4
_bد ك
100 1 _aالدارقطنى البغدادى , ابى الحسن
245 1 0 _aكتاب الضعفاء والمتروكين /
_cالدارقطنى البغدادى , ابى الحسن
700 1 _aعلى بن عمر بن احمد
700 1 _aالسيد صبحى البدرى
300 _a217 ص
490 _a
650 0 4 _aالحديث
650 0 4 _aالحديث - رواية
650 0 4 _aالحديث، علوم
650 0 4 _aالحديث - الجرح والتعديل
942 _2ddc
_cBK
999 _c38904
_d38904